مكتبة جامعة عجلون الوطنية

فهرس بحث المكتبة

Normal view MARC view
  • العكيلي، عزيز

Entry Personal Name

Number of records used in: 1

001 - CONTROL NUMBER

  • control field: 47126

003 - CONTROL NUMBER IDENTIFIER

  • control field: JO-AjAnu

005 - DATE AND TIME OF LATEST TRANSACTION

  • control field: 20230606081801.0

008 - FIXED-LENGTH DATA ELEMENTS

  • fixed length control field: 230606|| aca||aabn | a|a d

040 ## - CATALOGING SOURCE

  • Original cataloging agency: JO-AjAnu
  • Transcribing agency: JO-AjAnu

100 ## - HEADING--PERSONAL NAME

  • Personal name: العكيلي، عزيز

670 ## - SOURCE DATA FOUND

  • Source citation: Work cat.: (JO-AjAnu)24118: العكيلي، عزيز, author, الشركات التجارية في القانون الاردني : دراسة مقارنة مع قوانين الشركات في كل من العراق وسوريا ولبنان والسعودية ومصر